| 000 | 00318 a2200133 4500 | ||
|---|---|---|---|
| 003 | Nust | ||
| 005 | 20170207154029.0 | ||
| 040 | _cNust | ||
| 100 | _aTony R. Kuphaldt | ||
| 245 |
_aLessons In Electric Circuits, Volume V Reference (E-Book) _cTony R. Kuphaldt |
||
| 260 | _c© 2002, | ||
| 300 | _a157 P; | ||
| 651 | _a(E-Book) | ||
| 942 |
_2ddc _cBK |
||
| 999 |
_c192050 _d192050 |
||